| 000 | 02300nam0a22003851 4500 | ||
|---|---|---|---|
| 001 | v19\rc\1512958 | ||
| 005 | 20060620123306.5 | ||
| 035 | _a(NLR Aleph) 004637343 | ||
| 090 |
_a3247608 _c3247608 |
||
| 100 | _a20060620d1884 |||y0rusy50 ca | ||
| 101 | 0 | _arus | |
| 102 | _aRU | ||
| 105 | _ay z ||||| | ||
| 200 | 1 |
_aКраткий курс политической экономии в связи с финансами _fСост. Л[еонид] В. Ходский, магистр полит. экономии |
|
| 210 |
_aСанкт-Петербург _cтип. М.М. Стасюлевича _d1884 |
||
| 215 |
_aXVI, 388 с. _d24 |
||
| 300 | _aИзд. также под загл.: Краткий курс экономики; Политическая экономия в связи с финансами; Элементарное руководство политической экономии в связи с финансами | ||
| 316 |
_aЭкз. РНБ (133/4338): с автогр. авт. _5NLR: 133/4338 |
||
| 320 | _aБиблиогр.: Краткий библиографический указатель источников, принятых в соображение или послуживших материалом при составлении курса" (с. 379-387) | ||
| 451 | 0 |
_12001#$aКраткий курс экономики _tКраткий курс экономики |
|
| 451 | 0 |
_12001#$aПолитическая экономия в связи с финансами _tПолитическая экономия в связи с финансами |
|
| 451 | 0 |
_12001#$aЭлементарное руководство политической экономии в связи с финансами _tЭлементарное руководство политической экономии в связи с финансами |
|
| 700 | 1 |
_aХодский _bЛ. В. _f1854-1919 _gЛеонид Владимирович _4220 |
|
| 801 | 0 |
_aRU _bNLR _gpsbo |
|
| 801 | 0 |
_aRU _bRuMoRGB _2psbo |
|
| 801 | 1 |
_aRU _bProSoft-M _2rusmarc |
|
| 852 |
_aNLR _j18.199.2.21 |
||
| 852 |
_aNLR _j133/4238 |
||
| 899 |
_aRuMoRGB _jT 24/497 |
||
| 899 |
_aRuMoRGB _jS 109/359 |
||
| 899 |
_aRuMoRGB _jКл 67/1161 |
||
| 899 | _aБАН | ||
| 899 | _aНБ СПбГУ | ||
| 942 | _cBOOK | ||
| 980 | _aNB | ||